000 00644nam a22002057a 4500
005 20251108170949.0
008 250721s1992 xx 000 0 ara d
082 1 4 _a551.51/شى
100 1 _aشى، سينثيا بوبوك
245 1 0 _aحماية الحياة على الأرض :
_bخطوات لإنقاد طبقة الأوززن /
264 1 _aالقاهرة :
_bدار الدولية للنشر،
_c1992.
300 _a69ص
650 1 7 _aالأوزون
650 1 7 _aالبيئة
650 1 7 _aالأرض
650 1 7 _aالتلوث
700 1 _aعبد الواحد، أنور
_eترجمة
942 _2ddc
_cBK
999 _c53172
_d53172